Normal view
MARC view
Entry Personal Name
001 - CONTROL NUMBER
- control field: 1707
003 - CONTROL NUMBER IDENTIFIER
- control field: TZ-ArACH
005 - DATE AND TIME OF LATEST TRANSACTION
- control field: 20110630160229.0
008 - FIXED-LENGTH DATA ELEMENTS
- fixed length control field: 110630|||a|||||| | ||| d
040 ## - CATALOGING SOURCE
- Original cataloging agency: TZ-ArACH
- Transcribing agency: TZ-ArACH
100 ## - HEADING--PERSONAL NAME
- Personal name: Brown, Alastair N.
670 ## - SOURCE DATA FOUND
- Source citation: Work cat.: (TZ-ArACH)876: Brown, Alastair N., Human rights cases /, 2007.
670 ## - SOURCE DATA FOUND
- Source citation: Work cat.: (TZ-ArACH)876: Brown, Alastair N., Human rights cases /, 2007.
